HENSHIN ENDEAVOUR / (Record no. 176366)

MARC details
000 -LEADER
fixed length control field 01153aam a2200337 i 4500
001 - CONTROL NUMBER
control field vtls000878326
003 - CONTROL NUMBER IDENTIFIER
control field PNM
005 - DATE AND TIME OF LATEST TRANSACTION
control field 20200210113730.0
008 - FIXED-LENGTH DATA ELEMENTS--GENERAL INFORMATION
fixed length control field 190530t20172017my e 000 0 may d
020 ## - INTERNATIONAL STANDARD BOOK NUMBER
International Standard Book Number 9789672020073
Qualifying information paperback
Terms of availability RM25.00
039 #9 - LEVEL OF BIBLIOGRAPHIC CONTROL AND CODING DETAIL [OBSOLETE]
Level of rules in bibliographic description 201910031536
Level of effort used to assign nonsubject heading access points fadzli
Level of effort used to assign subject headings 201909251046
Level of effort used to assign classification masliza
Level of effort used to assign subject headings 201909251031
Level of effort used to assign classification masliza
040 ## - CATALOGING SOURCE
Original cataloging agency PNM
Language of cataloging eng
Transcribing agency PNM
Description conventions rda
Modifying agency PPAK
082 04 - DEWEY DECIMAL CLASSIFICATION NUMBER
Classification number 808.882
Edition number 23
090 20 - LOCALLY ASSIGNED LC-TYPE CALL NUMBER (OCLC); LOCAL CALL NUMBER (RLIN)
Classification number (OCLC) (R) ; Classification number, CALL (RLIN) (NR) 808.882
Feature heading HAR
Feature heading G
100 0# - MAIN ENTRY--PERSONAL NAME
Personal name Harsida Jasmin,
Dates associated with a name 1989-
Relator term author.
245 10 - TITLE STATEMENT
Title HENSHIN ENDEAVOUR /
Statement of responsibility, etc. HARSIDA JASMIN ; Editor, Aizuddin Hamid
264 #1 - PRODUCTION, PUBLICATION, DISTRIBUTION, MANUFACTURE, AND COPYRIGHT NOTICE
Place of production, publication, distribution, manufacture Shah Alam, Selangor :
Name of producer, publisher, distributor, manufacturer Inspirasee International Sdn. Bhd.,
Date of production, publication, distribution, manufacture, or copyright notice 2017
Date of production, publication, distribution, manufacture, or copyright notice ©2017
300 ## - PHYSICAL DESCRIPTION
Extent 187 pages :
Other physical details illustrations ;
Dimensions 23 cm
336 ## - CONTENT TYPE
Content type term text
Source rdacontent
337 ## - MEDIA TYPE
Media type term unmediated
Source rdamedia
338 ## - CARRIER TYPE
Carrier type term volume
Source rdacarrier
600 04 - SUBJECT ADDED ENTRY--PERSONAL NAME
Personal name Harsida Jasmin,
Dates associated with a name 1989-
Form subdivision Anecdotes
650 10 - SUBJECT ADDED ENTRY--TOPICAL TERM
Topical term or geographic name entry element Anecdotes
Topical term or geographic name entry element Motivation (Psychology)
General subdivision Religious aspects
-- Islam
Topical term or geographic name entry element Self-actualization (Psychology)
General subdivision Religious aspects
-- Islam
700 0# - ADDED ENTRY--PERSONAL NAME
Personal name Aizuddin Hamid,
Relator term editor.
942 ## - ADDED ENTRY ELEMENTS (KOHA)
Source of classification or shelving scheme Dewey Decimal Classification
Koha item type Book
949 ## - LOCAL PROCESSING INFORMATION (OCLC)
6 1001397618
e 2609279
6 1001397619
e 2609280
Holdings
Withdrawn Not for loan Current library Shelving location Date acquired Total Checkouts Total Renewals Full call number Barcode Date last seen Date last checked out Koha item type
    Perpustakaan Alor Setar Pinjaman Dewasa 23/02/2020 2 2 808.882 HAR A01633737 08/03/2022 20/02/2022 Book
    Perpustakaan Awam Sungai Petani Pinjaman Dewasa 23/02/2020     808.882 HAR A01633738 23/02/2020   Book
    Perpustakaan Baling Pinjaman Dewasa 23/02/2020 3 2 808.882 HAR A01633741 27/07/2024 29/06/2024 Book
    Perpustakaan Bandar Baharu Pinjaman Dewasa 23/02/2020     808.882 HAR A01633742 23/02/2020   Book
    Perpustakaan Kulim Pinjaman Dewasa 23/02/2020 1   808.882 HAR A01633740 29/12/2020 16/11/2020 Book
    Perpustakaan Langkawi Pinjaman Dewasa 23/02/2020 2 1 808.882 HAR A01633739 16/03/2025 10/02/2025 Book